00314nam a2200109 a 450000500170000000800410001705000130005824500160007150000860008765000090017365000220018220140414132008.0110303s19uu xx 00 eng d aVCDbSU7 aSuper book. aContents: The flood (Story of Noah); The test (God tested Abraham to offer Isaac) aNoah aAbraham and Isaac